NIFL Teams 2025/26 - Statistics

General Stats
  • This quiz has been taken 64 times
    38 since last reset
  • The average score is 24 of 38
Answer Stats
Answer % Correct
Linfield
100%
Glentoran
96%
Cliftonville
92%
Coleraine
92%
Crusaders
92%
Larne
92%
Carrick Rangers
88%
Glenavon
88%
Portadown
88%
Ballymena United
85%
Dungannon Swifts
85%
Bangor
81%
Ards
65%
Newry City
65%
Warrenpoint Town
65%
Institute
62%
Annagh United
58%
Ballinamallard United
58%
Ballyclare Comrades
58%
Loughgall
58%
H&W Welders
54%
Lisburn Distillery
54%
Portstewart
54%
Queen's University
54%
Armagh City
50%
Dundela
50%
Limavady United
50%
Newington
50%
Oxford Sunnyside
50%
Ballymacash Rangers
42%
Moyola Park
42%
Strabane Athletic
42%
Coagh United
38%
Dergview
38%
Rathfriland Rangers
38%
Banbridge Town
35%
Dollingstown
31%
Knockbreda
27%
No matching quizzes found
Score Distribution
Percent of People with Each Score
Percentile by Number Answered
Your Score History
You have not taken this quiz since the last reset